000 00819nam a2200289I 4500
001 24427
003 BD-RjUL
005 20211209001041.0
008 140313s1969 enkach 001 0 eng d
020 _a0224616536
035 _a(BD-RjUL)24493
035 _a(OCoLC)16090157
040 _aUKM
_cUKM
_beng
041 _aeng
082 0 0 _a940.5342
_bCAP 1969
099 _aDA587.C146 1986
100 1 _aCalder, Angus.
_975196
245 1 4 _aThe people's war :
_bBritain 1939-45 /
_cAngus Calder.
260 _aLondon :
_bCape,
_cc1969.
300 _a656 p., [32] p. of plates :
_bill., facsims., ports. ;
_c24 cm.
504 _aBibliography: p. 624-639.
504 _aIncludes index.
650 0 _aWorld War, 1939-1945
_zGreat Britain.
_975197
942 _2ddc
_cBK
999 _c24427
_d24427